[Event "Africa-ch U12"]
[Site "Windhoek"]
[Date "2019.12.20"]
[Round "8.5"]
[White "Ofile, Masilo"]
[Black "Chembe, Sean Kunda"]
[Result "1-0"]
[WhiteElo "1351"]
[BlackElo "1556"]
[PlyCount "69"]
[EventDate "2019.12.16"]
[EventType "swiss"]
[EventRounds "9"]
[EventCountry "NAM"]
[SourceTitle "EXT 2024"]
[Source "ChessBase"]
[SourceDate "2023.10.10"]
[SourceVersion "1"]
[SourceVersionDate "2023.10.10"]
[SourceQuality "1"]

1. d4 Nf6 2. c4 e6 3. Nf3 d5 4. Nc3 Bb4 5. Bg5 h6 6. Bh4 Nbd7 7. e3 0-0 8. Qc2 b6 9. a3 Bxc3+ 10. Qxc3 Ne4 11. Qc2 Ndf6 12. Rc1 c5 13. Be2 Bb7 14. 0-0 Qc7 15. cxd5 exd5 16. dxc5 Rac8 17. Bxf6 Nxf6 18. Bd3 bxc5 19. Bf5 Rcd8 20. Qxc5 Qxc5 21. Rxc5 Ne4 22. Bxe4 dxe4 23. Nd4 Rc8 24. Rfc1 Rb8 25. b4 Rfd8 26. h3 Rd5 27. Rxd5 Bxd5 28. Rc5 Bb7 29. Rb5 a6 30. Rb6 Kf8 31. Nc6 Rc8 32. Rxb7 Rxc6 33. Ra7 Ke8 34. Kh2 f6 35. Rxg7 1-0

[Event "Africa-ch U12"]
[Site "Windhoek"]
[Date "2019.12.17"]
[Round "4.4"]
[White "Chembe, Sean Kunda"]
[Black "Sanjay, Ramesh"]
[Result "1-0"]
[WhiteElo "1556"]
[BlackElo "1208"]
[PlyCount "71"]
[EventDate "2019.12.16"]
[EventType "swiss"]
[EventRounds "9"]
[EventCountry "NAM"]
[SourceTitle "EXT 2024"]
[Source "ChessBase"]
[SourceDate "2023.10.10"]
[SourceVersion "1"]
[SourceVersionDate "2023.10.10"]
[SourceQuality "1"]

1. c4 e5 2. g3 d6 3. Bg2 c6 4. Nc3 Nf6 5. d3 h6 6. Nf3 Be6 7. 0-0 Qd7 8. Bd2 Bh3 9. Qc2 Bxg2 10. Kxg2 Be7 11. Rab1 c5 12. a3 b6 13. b4 Qc7 14. Nb5 Qc8 15. e4 a6 16. Nc3 Nbd7 17. Nh4 g6 18. Qc1 Bf8 19. f4 Bg7 20. b5 a5 21. Nf3 Rb8 22. fxe5 Nxe5 23. Nxe5 dxe5 24. Nd5 Nd7 25. Rf2 Rf8 26. Bxh6 Bxh6 27. Qxh6 Qd8 28. Rbf1 Rb7 29. Qh7 f6 30. Qxg6+ Rf7 31. Nxf6+ Nxf6 32. Rxf6 Qxd3 33. Qg8+ Rf8 34. Qxf8+ Kd7 35. Rf7+ Ke6 36. R1f6# 1-0

[Event "Africa-ch U12"]
[Site "Windhoek"]
[Date "2019.12.17"]
[Round "3.3"]
[White "Darius, Patlo Banda"]
[Black "Chembe, Sean Kunda"]
[Result "1-0"]
[WhiteElo "1193"]
[BlackElo "1556"]
[PlyCount "60"]
[EventDate "2019.12.16"]
[EventType "swiss"]
[EventRounds "9"]
[EventCountry "NAM"]
[SourceTitle "EXT 2024"]
[Source "ChessBase"]
[SourceDate "2023.10.10"]
[SourceVersion "1"]
[SourceVersionDate "2023.10.10"]
[SourceQuality "1"]

1. d4 d5 2. c4 e6 3. Nc3 Bb4 4. Nf3 Nf6 5. e3 Nc6 6. Bd3 Bd7 7. 0-0 0-0 8. Qc2 h6 9. b3 Re8 10. Bb2 Ne7 11. Ne5 c6 12. h3 Qc7 13. a3 Bxc3 14. Bxc3 Rac8 15. Rac1 b6 16. Bb2 c5 17. cxd5 exd5 18. Ba6 Rb8 19. dxc5 bxc5 20. Nd3 Bf5 21. Qxc5 Qxc5 22. Nxc5 Nd7 23. b4 Nxc5 24. Rxc5 Rb6 25. Be2 Rc8 26. Rxc8+ Nxc8 27. Rd1 Ne7 28. Bd4 Rb7 29. Bf3 Be6 30. Bc5 Nc6 1-0